Financial Services Authority (Record no. 119784)

MARC details
000 -LEADER
fixed length control field 00891cam a2200229 4500
001 - CONTROL NUMBER
control field WS110958
008 - FIXED-LENGTH DATA ELEMENTS--GENERAL INFORMATION
fixed length control field 000000n 000 0 eng u
035 ## - SYSTEM CONTROL NUMBER
System control number (Sirsi) u110958
110 ## - MAIN ENTRY--CORPORATE NAME
Corporate name or jurisdiction name as entry element Financial Services Authority
9 (RLIN) 4032
245 ## - TITLE STATEMENT
Title Financial Services Authority
520 ## - SUMMARY, ETC.
Summary, etc. Site for this organisation which regulates the financial services industry. Includes pages of consumer information, their handbook of rules and guidance and a register of authorised firms.
650 ## - SUBJECT ADDED ENTRY--TOPICAL TERM
Topical term or geographic name entry element FINANCIAL SERVICES AND MARKETS ACT 2000
650 ## - SUBJECT ADDED ENTRY--TOPICAL TERM
Topical term or geographic name entry element FINANCIAL SERVICES ACT 1986
650 0# - SUBJECT ADDED ENTRY--TOPICAL TERM
Topical term or geographic name entry element BANKING ACT 1987
650 ## - SUBJECT ADDED ENTRY--TOPICAL TERM
Topical term or geographic name entry element MONEY LAUNDERING
650 0# - SUBJECT ADDED ENTRY--TOPICAL TERM
Topical term or geographic name entry element AUTHORISED FIRMS
650 ## - SUBJECT ADDED ENTRY--TOPICAL TERM
Topical term or geographic name entry element GOVERNMENT
650 ## - SUBJECT ADDED ENTRY--TOPICAL TERM
Topical term or geographic name entry element FINANCIAL REGULATION
690 ## - LOCAL SUBJECT ADDED ENTRY--TOPICAL TERM (OCLC, RLIN)
Topical term or geographic name as entry element PROPERTY-PROPERTY FINANCE AND INVESTMENT
856 40 - ELECTRONIC LOCATION AND ACCESS
Uniform Resource Identifier <a href="https://www.fsa.gov.uk">https://www.fsa.gov.uk</a>
Public note View the website free of charge at www.fsa.gov.uk...
942 ## - ADDED ENTRY ELEMENTS (KOHA)
Suppress in OPAC 0
Holdings
Withdrawn status Lost status Source of classification or shelving scheme Damaged status Not for loan Home library Current library Shelving location Date acquired Total Checkouts Full call number Barcode Date last seen Copy number Price effective from Koha item type
    Dewey Decimal Classification     Virtual Virtual Online 15/02/2001   WEB SITE 110958-2001 06/08/2019 1 06/08/2019 Online material